TOP 10. Classement BWF SH badminton - Statistiques

Statistiques générales
  • Ce quiz a été pris 276 fois
  • Le résultat moyen est 6 sur 10
Statistiques - réponses
Hint Réponse % Correct
1 Viktor Axelsen
97%
2 YuQi Shi
88%
4 Anders Antonsen
82%
9 ZiiJia Lee
70%
8 Kunlavut Vitidsarn
61%
3 Jonatan Christie
58%
6 ShiFeng Li
58%
5 Kodai Naraoka
57%
7 Anthony Sinisuka Ginting
56%
10 Haseena Sunil Prannoy
18%
Aucun quiz correspondant
Distribution des résultats
% des personnes avec chaque résultat
Percentile par nombre de réponses
Votre historique - résultats
Vous n’avez pas pris ce quiz